One Direction Four Album Track List - Statistics

General Stats
  • This quiz has been taken 1,593 times
  • The average score is 13 of 16
Answer Stats
Hint Answer % Correct
Track 1 Steal My Girl
91%
Track 7 Night Changes
87%
Track 4 18
83%
Track 12 Clouds
83%
Track 8 No Control
82%
Track 9 Fireproof
81%
Track 3 Where Do Broken Hearts Go
81%
Track 6 Fool's Gold
80%
Track 11 Stockholm Syndrome
80%
Track 5 Girl Almighty
79%
Track 16 Act My Age
78%
Track 10 Spaces
78%
Track 2 Ready to Run
77%
Track 13 Change Your Ticket
73%
Track 14 Illusion
72%
Track 15 Once in a Lifetime
69%
No matching quizzes found
Score Distribution
Percent of People with Each Score
Percentile by Number Answered
Your Score History
You have not taken this quiz